La proteccin̤ de los derechos de los consumidores en Chile

Bibliographic Details
Main Author: Baraona Gonzl̀ez, Jorge
Format: eBook
Language:Spanish
Published: Santiago de Chile: Universidad de los Andes (Chile), 2006
Subjects:
Online Access:Acceso restringido

MARC

LEADER 00000nam a22000007a 4500
005 20190416235513.0
007 cr|||| ||||
008 190416s2006 cl |||||s|||| 00||0 spa d
020 |a 956-7160-42-2 
035 |a 21286 
040 |a vLex 
090 |c 8653  |d 8653 
100 1 |a Baraona Gonzl̀ez, Jorge 
245 1 2 |a La proteccin̤ de los derechos de los consumidores en Chile  |h [Recurso electrn̤ico] /  |c Jorge Baraona Gonzl̀ez 
256 |a Servicio en ln̕ea 
260 |a Santiago de Chile:  |b Universidad de los Andes (Chile),  |c 2006 
300 |a 1 recurso electrn̤ico 
506 1 |a Disponible solo en los productos indicados  |d vLex Global  |d vLex Global (Academic Edition, excluding Law Schools)  |d vLex Global (U.S. Academic Edition, Law Schools)  |d vLex Global (U.S. Academic Edition, excluding Law Schools)  |d vLex Global (Academic Edition, Law Schools) 
650 0 4 |a Derecho Civil  |z Chile 
650 0 4 |a Consumidores Usuarios  |z Chile 
740 0 |a vLex Libros (Servicio en ln̕ea) 
856 4 0 |u http://vlex.com/source/proteccion-de-los-derechos-de-los-consumidores-en-chile-21286  |z Acceso restringido 
942 |c BOOK 
999 0 |a Civil Law 
999 0 |a Consumers Users